The Matrix Characters by Picture - Statistics

General Stats
  • This quiz has been taken 392 times
  • The average score is 7 of 16
Answer Stats
Picture Answer % Correct
Neo
99%
Morpheus
86%
Agent Smith
82%
Trinity
82%
Oracle
71%
Tank
45%
Architect
40%
Cypher
40%
Keymaker
35%
Dozer
32%
Merovingian
28%
Link
23%
Niobe
22%
Persephone
18%
Seraph
18%
Sati
14%
No matching quizzes found
Score Distribution
Percent of People with Each Score
Percentile by Number Answered
Your Score History
You have not taken this quiz